Southville International School and Colleges
Your cart is empty.
  • Cart
  • Lists
    Public lists Eva Luna New books Lux_list list_1
    Your lists Log in to create your own lists
  • Log in to your account
  • Your cookies
  • Search history
Southville International School and Colleges
  • Advanced search
  • Recent comments
  • Most popular
  • Libraries

Log in to your account

Log in with GOOGLE


If you do not have an external account, but do have a local account, you can still log in:

  1. Home
  2. MARC view: Mga dakilang lider na Pilipino /
Normal view MARC view ISBD view

Mga dakilang lider na Pilipino / (Record no. 3434)

[ view plain ]
MARC details
000 -LEADER
fixed length control field 00594nam a22002177a 4500
003 - CONTROL NUMBER IDENTIFIER
control field OSt
005 - DATE AND TIME OF LATEST TRANSACTION
control field 20140310181756.0
008 - FIXED-LENGTH DATA ELEMENTS--GENERAL INFORMATION
fixed length control field 130227t xxu||||| |||| 00| 0 eng d
020 ## - INTERNATIONAL STANDARD BOOK NUMBER
International Standard Book Number 9710856820
050 ## - LIBRARY OF CONGRESS CALL NUMBER
Classification number DS 653.7
Item number .L431 1994
082 ## - DEWEY DECIMAL CLASSIFICATION NUMBER
Classification number F923.1
Item number .L431 2004
100 ## - MAIN ENTRY--PERSONAL NAME
Personal name Lazaro, Isagani L.
245 ## - TITLE STATEMENT
Title Mga dakilang lider na Pilipino /
Statement of responsibility, etc Isagani L. Lazaro,
250 ## - EDITION STATEMENT
Edition statement 5th ed.
260 ## - PUBLICATION, DISTRIBUTION, ETC. (IMPRINT)
Place of publication, distribution, etc Mandaluyong City :
Name of publisher, distributor, etc National Book Store,
Date of publication, distribution, etc 1994.
300 ## - PHYSICAL DESCRIPTION
Extent xix, 228 p. :
Other physical details ill.,
Dimensions 22cm
650 ## - SUBJECT ADDED ENTRY--TOPICAL TERM
Topical term or geographic name as entry element Filipino
General subdivision Leaders
942 ## - ADDED ENTRY ELEMENTS (KOHA)
Source of classification or shelving scheme Library of Congress Classification
Koha item type Books
Call number prefix Filipininana
Holdings
Withdrawn status Lost status Source of classification or shelving scheme Damaged status Home library Current library Shelving location Date acquired Source of acquisition Total Checkouts Full call number Barcode Date last seen Copy number Price effective from Koha item type
    Library of Congress Classification   Luxembourg Library Luxembourg Library Filipiniana Section 06/29/2013 Donation   DS 653.7 .L431 2004 4692 08/13/2013 2 06/29/2013 Books

Mga dakilang lider na Pilipino /

APA

Lazaro I. L., . (1994). Mga dakilang lider na Pilipino. Mandaluyong City: National Book Store.

Chicago

Lazaro Isagani L, . 1994. Mga dakilang lider na Pilipino. Mandaluyong City: National Book Store.

Harvard

Lazaro I. L., . (1994). Mga dakilang lider na Pilipino. Mandaluyong City: National Book Store.

MLA

Lazaro Isagani L, . Mga dakilang lider na Pilipino. Mandaluyong City: National Book Store. 1994.

  • Place hold
  • Print
  • Cite
  • Add to your cart (remove)
  • Save record
    BIBTEX Dublin Core MARCXML MARC (non-Unicode/MARC-8) MARC (Unicode/UTF-8) MARC (Unicode/UTF-8, Standard) MODS (XML) RIS
  • More searches
    Search for this title in:
    Other Libraries (WorldCat) Other Databases (Google Scholar) Online Stores (Bookfinder.com) Open Library (openlibrary.org)

Exporting to Dublin Core...

SOUTHVILLE LIBRARY

Southville International School and Colleges Library

1281 Tropical Ave. Cor. Luxembourg St., BF Homes International, Las Pinas City

Tel. No. 8256374 / 252358 Loc. 117/146

Powered by Koha